00277 2200133 4500001002100000005001500021035002400036090000600060245001900066250000600085260002000091300002000111990001200131YOGYA00000000005068520140823055517 0010-081400000050403 a- aThe americac- a- a[s.l]b[s.n]c- a234 hlm.c30cm. a56312-b